[Event "Schaffhausen op"]
[Site "Schaffhausen"]
[Date "2022.03.19"]
[Round "3"]
[White "Muller Moingt, Bastien"]
[Black "Reinhardt, Bernd"]
[Result "1-0"]
[WhiteElo "1694"]
[BlackElo "2140"]
[PlyCount "73"]
[EventDate "2022.03.18"]
[EventType "swiss"]
[EventRounds "5"]
[EventCountry "SUI"]
[SourceTitle "CBM 207 Extra"]
[Source "ChessBase"]
[SourceDate "2022.05.31"]
[SourceVersion "1"]
[SourceVersionDate "2022.05.31"]
[SourceQuality "1"]

1. e4 d6 2. d4 Nf6 3. Nc3 e5 4. dxe5 dxe5 5. Qxd8+ Kxd8 6. Bd2 Ke8 7. Nf3 Bd6 8. Bc4 a6 9. a3 Nbd7 10. 0-0 Nb6 11. Ba2 Rf8 12. h3 Be6 13. Bxe6 fxe6 14. b3 Nbd7 15. Bc1 Nb8 16. Bb2 Nc6 17. Rad1 Ke7 18. Rfe1 Nh5 19. Ne2 Nf4 20. Nxf4 Rxf4 21. Bc1 Rff8 22. Bb2 h6 23. h4 Rf7 24. h5 Kf8 25. Re2 Kg8 26. Rd3 Raf8 27. b4 b5 28. Rd1 Re8 29. c4 bxc4 30. Rc1 a5 31. Rxc4 axb4 32. Rxc6 bxa3 33. Ba1 Rb8 34. Re1 a2 35. Ra6 Rxf3 36. gxf3 Rb1 37. Rf1 1-0

[Event "Adelboden op 8th"]
[Site "Adelboden"]
[Date "2021.12.10"]
[Round "1"]
[White "Muller Moingt, Bastien"]
[Black "Loeffler, Markus"]
[Result "0-1"]
[WhiteElo "1666"]
[BlackElo "2280"]
[PlyCount "88"]
[EventDate "2021.12.10"]
[EventType "swiss"]
[EventRounds "5"]
[EventCountry "SUI"]
[SourceTitle "CBM 205 Extra"]
[Source "ChessBase"]
[SourceDate "2022.01.31"]
[SourceVersion "1"]
[SourceVersionDate "2022.01.31"]
[SourceQuality "1"]

1. e4 c5 2. Nf3 d6 3. Bb5+ Nd7 4. Ba4 Ngf6 5. 0-0 e6 6. Re1 a6 7. c4 Be7 8. Nc3 0-0 9. Bc2 Ne5 10. d3 Bd7 11. Nxe5 dxe5 12. a4 Bc6 13. f4 Nd7 14. Qh5 g6 15. Qh6 Bf6 16. f5 Bg7 17. Qh3 exf5 18. exf5 Qf6 19. Rf1 Qd6 20. Be3 Rfe8 21. Ne4 Bxe4 22. dxe4 Rad8 23. a5 gxf5 24. Qxf5 Qf8 25. Ba4 Re6 26. Bg5 Nf6 27. Rad1 Rd4 28. Rxd4 cxd4 29. Bxf6 Rxf6 30. Qg4 Rxf1+ 31. Kxf1 h6 32. Qf5 Qc5 33. b3 Qxa5 34. Qc8+ Bf8 35. Qxb7 Qd2 36. Be8 Qf4+ 37. Ke2 a5 38. Qd5 Bb4 39. g3 Qe3+ 40. Kf1 Qf3+ 41. Kg1 Bd2 42. h4 Qxg3+ 43. Kh1 Qh3+ 44. Kg1 Be3# 0-1

[Event "San Bernardino Autumn op"]
[Site "San Bernardino"]
[Date "2021.10.01"]
[Round "1"]
[White "Muller Moingt, Bastien"]
[Black "Medici, Simone"]
[Result "0-1"]
[WhiteElo "1661"]
[BlackElo "2202"]
[PlyCount "110"]
[EventDate "2021.10.01"]
[EventType "swiss"]
[EventRounds "5"]
[EventCountry "SUI"]
[SourceTitle "EXT 2023"]
[Source "ChessBase"]
[SourceDate "2022.10.05"]
[SourceVersion "1"]
[SourceVersionDate "2022.10.05"]
[SourceQuality "1"]

1. e4 d6 2. d4 Nf6 3. Nc3 g6 4. Nf3 Bg7 5. Be2 0-0 6. 0-0 Nbd7 7. h3 e5 8. dxe5 dxe5 9. Be3 c6 10. Qd2 Qc7 11. Rad1 Re8 12. Qd6 Qxd6 13. Rxd6 Bf8 14. Rdd1 Bb4 15. Bd3 Nc5 16. Bxc5 Bxc5 17. a3 b5 18. b4 Bf8 19. Ne2 a5 20. c3 Ba6 21. Rb1 Nd7 22. Nd2 Reb8 23. Rfc1 c5 24. Ng3 Rb6 25. Nf3 axb4 26. axb4 c4 27. Be2 Bb7 28. Rd1 Rd6 29. Rxd6 Bxd6 30. Rd1 Ra6 31. Nd2 Nf8 32. Bf3 Bb8 33. Ndf1 Ba7 34. Ne3 Bxe3 35. fxe3 f6 36. Kf1 Kf7 37. Ke1 Ke7 38. h4 Ra3 39. Rc1 h5 40. Rc2 Nd7 41. Kf1 Nb6 42. Kf2 Na4 43. Ne2 Bc8 44. Kg3 f5 45. exf5 Bxf5 46. e4 Bd7 47. Kf2 Bc6 48. Ke3 Ra1 49. Kf2 Rb1 50. Ng3 Rb3 51. Ne2 Nb2 52. Nc1 Nd3+ 53. Ke2 Nf4+ 54. Kf2 Rb1 55. g3 Rxc1 0-1

[Event "Espalion op 2nd"]
[Site "Espalion"]
[Date "2017.07.16"]
[Round "2"]
[White "Muller Moingt, Bastien"]
[Black "Mourgues, Joelle"]
[Result "0-1"]
[WhiteElo "1114"]
[BlackElo "1624"]
[PlyCount "70"]
[EventDate "2017.07.15"]
[EventType "swiss"]
[EventRounds "9"]
[EventCountry "FRA"]
[SourceTitle "CBM 179 Extra"]
[Source "ChessBase"]
[SourceDate "2017.08.23"]
[SourceVersion "1"]
[SourceVersionDate "2017.08.23"]
[SourceQuality "1"]

1. e4 c5 2. Nf3 d6 3. d4 cxd4 4. Nxd4 Nf6 5. Nc3 a6 6. Bd3 e6 7. Bg5 Be7 8. 0-0 Nc6 9. Nxc6 bxc6 10. Re1 0-0 11. Bxf6 Bxf6 12. Qf3 e5 13. Red1 Be6 14. Qe3 a5 15. a3 Rb8 16. b3 Qc7 17. Rab1 d5 18. Qe2 Rfd8 19. Rb2 d4 20. Nb1 c5 21. c4 Rb6 22. Nd2 Bg5 23. h3 Rdb8 24. Rbb1 Qe7 25. Qh5 g6 26. Qf3 Bxd2 27. Rxd2 Rxb3 28. Rxb3 Rxb3 29. a4 Qg5 30. Qe2 Ra3 31. Bc2 Bxh3 32. g3 Bg4 33. Qe1 Bf3 34. Qf1 Qh5 35. Qb1 Qh1# 0-1

[Event "Espalion op 1st"]
[Site "Espalion"]
[Date "2016.07.11"]
[Round "4"]
[White "Muller Moingt, Bastien"]
[Black "Dutertre, Jean Michel"]
[Result "0-1"]
[WhiteElo "1009"]
[BlackElo "1583"]
[PlyCount "54"]
[EventDate "2016.07.09"]
[EventType "swiss"]
[EventRounds "9"]
[EventCountry "FRA"]
[SourceTitle "CBM 173 Extra"]
[Source "ChessBase"]
[SourceDate "2016.08.29"]
[SourceVersion "1"]
[SourceVersionDate "2016.08.29"]
[SourceQuality "1"]

1. e4 e5 2. Nf3 Nc6 3. Bb5 d6 4. Bxc6+ bxc6 5. 0-0 Bg4 6. d3 Nf6 7. Bg5 Be7 8. Nbd2 0-0 9. Bxf6 Bxf6 10. Re1 d5 11. exd5 cxd5 12. Nf1 Re8 13. Ng3 Qc8 14. d4 e4 15. Nd2 Bxd1 16. Raxd1 Bxd4 17. Ndxe4 Bxb2 18. Rxd5 Qb7 19. Rg5 Rad8 20. h3 Qb4 21. Nf5 Qxe1+ 22. Kh2 Qxe4 23. Rxg7+ Bxg7 24. Nxg7 Kxg7 25. f3 Qf4+ 26. Kg1 Qg3 27. c4 Re1# 0-1